000
00262nam a2200097Ia 4500
001
1211713
005
20250827024441.0
008
250824s9999 xx 000 0 und d
245
0
_a
SENİ İÇİMDEN TERK EDİYORUM
_c
KAHRAMAN TAZEOĞLU
260
_b
DESTEK YAYINLARI
999
_c
1211713
_d
1211713